000 00486nam a2200181Ia 4500
001 12111
003 GE_BSU
008 181216s||||||||xx |||||||||||||| ||und||
040 _cGE_BSU
245 _aИммунология.Том 35. №4. 2014 Июль-Август
245 _cРед.Е.И.Константинова
260 _aМосква
260 _bМедицина
260 _c2014
300 _a232 стр. 29 см.
653 _aИммунология.
942 _cCR
999 _c45287
_d45287